000 00799nam a22002295i 4500
001 160591
003 ES-MaACL
005 20250729045857.0
008 020909s1901 fr |||| | fre d
040 _aCCPB | B
_bspa
_cCCPB | B
100 1 _aNaville, Adrien.
_9130428
245 1 0 _aNouvelle classification des sciences
_b: étude philosophique /
_cpar Adrien Naville.
250 _a2ème éd. entièrement refondue.
260 _aParis :
_bFélix Alcan,
_c1901.
300 _a178 p. ;
_c18 cm.
490 1 _aBibliothèque de philosophie contemporaine
650 7 _aClasificación de las ciencias
_2embne
_9135780
752 _aFrancia -
_dParís
830 0 _aBibliothèque de philosophie contemporaine
_9181027
852 _aES-MaACL
_jF-11717
_z-- Enc. hol.
999 _c160591
_d160591